header

How to make your care home fun (Record no. 21225)

MARC details
000 -LEADER
fixed length control field 01182nam a2200289Ia 4500
100 1# - MAIN ENTRY--AUTHOR NAME
Personal name Agar, Kenneth.
245 10 - TITLE STATEMENT
Title How to make your care home fun
260 ## - PUBLICATION, DISTRIBUTION, ETC. (IMPRINT)
Place of publication London ;
-- Philadelphia :
Name of publisher Jessica Kingsley Publishers,
Year of publication 2009.
300 ## - PHYSICAL DESCRIPTION
Number of Pages 141 p.
650 #0 - SUBJECT ADDED ENTRY--TOPICAL TERM
Topical Term Nursing homes
Topical Term Older people
856 40 - ELECTRONIC LOCATION AND ACCESS
Uniform Resource Identifier http://site.ebrary.com/lib/rucke/Doc?id=10273796

No items available.

© 2026 Rongo University
Contact us: librarian | system librarian | Rongo university